Assessment of soil-site characteristics for suitability of rubber cultivation in per humid Tropic of Mizoram (Record no. 52896)

MARC details
000 -LEADER
fixed length control field 00550nam a2200157Ia 4500
100 ## - MAIN ENTRY--AUTHOR NAME
Personal name Satisha G.C.
245 #0 - TITLE STATEMENT
Title Assessment of soil-site characteristics for suitability of rubber cultivation in per humid Tropic of Mizoram
260 ## - PUBLICATION, DISTRIBUTION, ETC. (IMPRINT)
Name of publisher National Seminar on Strategies for Agricultural Research in North East, 1999, Shillong, India, pp. 47.
Year of publication 1999
650 ## - SUBJECT ADDED ENTRY--TOPICAL TERM
Topical Term Mizoram
650 ## - SUBJECT ADDED ENTRY--TOPICAL TERM
Topical Term Rubber cultivation
650 ## - SUBJECT ADDED ENTRY--TOPICAL TERM
Topical Term Soil analysis
700 ## - ADDED ENTRY--PERSONAL NAME
Personal name Dey S.K.
700 ## - ADDED ENTRY--PERSONAL NAME
Personal name Varghese Y.A.
942 ## - ADDED ENTRY ELEMENTS (KOHA)
Koha item type Bibliography STAF
Holdings
Withdrawn status Lost status Damaged status Not for loan Home library Current library Date acquired Koha item type
      Bibliography RRII Library RRII Library 09/04/2014 Bibliography STAF